000 00879cam a22002774a 4500
001 2396
005 20231123133831.0
020 _a978545568777
040 _aDLC
_cDLC
_dDLC
_beng
050 0 0 _aU311.K46
082 0 0 _a688
100 1 _aKenney, Sean
245 1 0 _aCool castles
_cKenny, Sean
250 _aFirst Scholastic printing, February 2013
260 _bScholastic
_c2012
300 _a32 pages
_bColor illustrations
_c21 cm
505 _aR
520 _aProvides instructions for using bricks from off-the-shelf LEGO products to create medieval scenes.
521 _a720 NC
_bLexile
521 _aR
_bRaz-Plus
650 0 _aCastles
_xModels
_vJuvenile literature.
650 0 _aLEGO toys
_vJuvenile literature.
650 0 _aMilitary miniatures
_vJuvenile literature.
906 _a7
_bcbc
_corignew
_d1
_eecip
_f20
_gy-gencatlg
942 _2ddc
_cBK
_n0
999 _c2396
_d2396